La economía política del crecimiento / (Registro nro. 8745)

Detalles MARC
000 -LEADER
fixed length control field 01249nam a2200265Ia 4500
003 - CONTROL NUMBER IDENTIFIER
control field OSt
005 - DATE AND TIME OF LATEST TRANSACTION
control field 20220105144719.0
008 - FIXED-LENGTH DATA ELEMENTS--GENERAL INFORMATION
fixed length control field 210310s1975 mx fr 001 0 spa d
040 ## - CATALOGING SOURCE
Original cataloging agency CO-JMCR
Transcribing agency CO-JMCR
041 1# - LANGUAGE CODE
Language code of text/sound track or separate title spa
Language code of original eng
082 04 - DEWEY DECIMAL CLASSIFICATION NUMBER
Classification number 338.9 /
Item number B225e1
Edition number 23
100 1# - MAIN ENTRY--PERSONAL NAME
Personal name Baran, Paul A.,
9 (RLIN) 18164
Relator term autor
245 13 - TITLE STATEMENT
Title La economía política del crecimiento /
Statement of responsibility, etc. Paul A. Baran ; [traducción de Nathan Warman]
250 ## - EDITION STATEMENT
Edition statement Segunda edición
260 ## - PUBLICATION, DISTRIBUTION, ETC.
Place of publication, distribution, etc. México :
Name of publisher, distributor, etc. Fondo de Cultura Económica,
Date of publication, distribution, etc. 1975.
300 ## - PHYSICAL DESCRIPTION
Extent 381 páginas ;
Dimensions 21 cm.
490 0# - SERIES STATEMENT
Series statement Sección de obras de Economía
500 ## - GENERAL NOTE
General note Incluye índice analítico y notas a pie de página.<br/>Título original: The political economy of growth
505 0# - FORMATTED CONTENTS NOTE
Formatted contents note Panorama general -- El concepto de excedente económico -- Estancamiento y desarrollo del capitalismo monopolista (I) -- Estancamiento y desarrollo del capitalismo monopolista (II) -- Las raíces del atraso -- Hacia una morfología del atraso (I) -- Hacia una morfología del atraso (II) -- El ascenso a la cumbre
546 ## - LANGUAGE NOTE
Language note Traducido del inglés.
650 14 - SUBJECT ADDED ENTRY--TOPICAL TERM
Topical term or geographic name entry element Desarrollo económico.
9 (RLIN) 18166
650 24 - SUBJECT ADDED ENTRY--TOPICAL TERM
Topical term or geographic name entry element Economía política.
General subdivision Historia.
9 (RLIN) 41842
700 1# - ADDED ENTRY--PERSONAL NAME
Personal name Warman, Nathan,
Relator term traductor
9 (RLIN) 41843
942 ## - ADDED ENTRY ELEMENTS (KOHA)
Source of classification or shelving scheme Dewey Decimal Classification
Koha item type Books
Existencias
Withdrawn status Lost status Source of classification or shelving scheme Damaged status Not for loan Collection code Home library Current library Date acquired Source of acquisition Full call number Barcode Date last seen Copy number Koha item type
    Dewey Decimal Classification     Non-fiction Biblioteca Pública José María del Castillo y Rada Biblioteca Pública José María del Castillo y Rada 04/15/2018 Donación 338.9 / B225e1 430005988 05/16/2024 Ej.1 Books